Atlético Madrid Current Squad - Statistics

General Stats
  • This quiz has been taken 2,510 times
    1,634 since last reset
  • The average score is 20 of 26
Answers on the Map
Answers color-coded by a green-red scale on the quiz's map according to % correct below.
 
Answer Stats
# Position Player Nation % Correct
13 GK Jan Oblak
98%
7 FW Antoine Griezmann
97%
19 FW Julián Álvarez
94%
Head Coach Diego Simeone
93%
22 FW Giuliano Simeone
93%
5 MF Rodrigo De Paul
93%
6 MF Koke
92%
9 FW Alexander Sørloth
89%
20 DF Axel Witsel
89%
4 MF Conor Gallagher
87%
10 FW Ángel Correa
85%
2 DF José María Giménez
85%
11 MF Thomas Lemar
85%
14 MF Marcos Llorente
84%
15 DF Clément Lenglet
83%
3 DF César Azpilicueta
77%
16 DF Nahuel Molina
77%
24 DF Robin Le Normand
77%
8 MF Pablo Barrios
69%
12 MF Samuel Lino
69%
23 DF Reinildo Mandava
68%
21 DF Javi Galán
55%
1 GK Juan Musso
55%
17 MF Rodrigo Riquelme
51%
27 DF Ilias Kostis
23%
31 GK Antonio Gomis
18%
No matching quizzes found
Score Distribution
Percent of People with Each Score
Percentile by Number Answered
Your Score History
You have not taken this quiz since the last reset